Statistics for Movie Newspaper Headlines

Click here to take the quiz!

General Stats

  • This quiz has been taken 25,329 times
    (14,544 since last reset)
  • The average score is 10 of 17

Answer Stats

HeadlineMovie% Correct
Orca escapes from amusement park. Police question local boy.Free Willy
87%
Factory tour ends in tragedy for local childrenWilly Wonka and the
Chocolate Factory
87%
Man in critical condition after joining bareknuckle boxing clubFight Club
85%
Kazakhstani national deported after stalking former Baywatch starBorat
82%
Archaeologist investigated by ethics board after damaging sacred siteRaiders of the Lost Ark
78%
Unobtanium in short supply after Pandora terrorist attackAvatar
69%
MI6 employee to face sexual harassment chargesAustin Powers
64%
Animal rights activists protest exhibition of rare apeKing Kong
59%
Gruesome scene as dozens murdered at Tokyo nightclub. Single swordsman to blame?Kill Bill, Vol. 1
55%
Local running enthusiast profits from investment in computer startupForrest Gump
51%
Polar vortex responsible for unseasonably cold weather in ArendelleFrozen
46%
Puzzling design flaw blamed for destruction of quadrillion-dollar space stationStar Wars
46%
Harvard to offer degree in "Symbology"The Da Vinci Code
45%
Tense standoff in Indian ocean. Soviets demand answers after four MiGs shot down.Top Gun
37%
Three-breasted woman spotted on Mars ColonyTotal Recall
34%
Presidents strike again! String of bank robberies continuesPoint Break
24%
Turkish mob leader still at large after police foul-upThe Usual Suspects
20%

Score Distribution

Percentile by Number Answered

Percent of People with Each Score

Your Score History

You have not taken this quiz since the last reset